000 00675nam a2200289Ia 4500
005 20260324124314.0
008 008 260324s9999 xx 000 0 eng d
020 _a9781315787336
037 _aEBOOK
040 _aCRL
040 _beng
040 _cCRL
041 _2eng
041 _aeng
084 _qCRL
100 _aDanielle Quinodoz; David Alcorn
_91173643
245 0 _aGrowing Old
245 2 _bA Journey of Self-Discovery
260 _bTaylor and Francis
260 _c2010
365 _a
365 _b170
856 _uhttp://www.taylorfrancis.com/books/9781315787336
942 _cEBOOK
999 _c1767915
_d1767915